| 000 | 00676cam a2200229 a 4500 | ||
|---|---|---|---|
| 001 | 1408594 | ||
| 005 | 20171226041931.0 | ||
| 008 | 830504s1983 caua b 001 0 eng | ||
| 010 | _a 83081194 | ||
| 020 |
_a0870411950 (pbk.) : _c$28.00 |
||
| 040 |
_aDLC _cDLC _dDLC |
||
| 041 | _aeng | ||
| 080 | _a617 | ||
| 082 | 0 | 0 |
_a617 WAY _219 |
| 100 | _a7 | ||
| 101 | _aKIR | ||
| 245 | 0 | 0 |
_aCurrent surgical diagnosis & treatment / _cLawrence W. Way, editor ; illustrated by Laurel V. Schaubert. |
| 504 | _aIncludes bibliographies and index. | ||
| 740 | 0 | _aCurrent surgical diagnosis and treatment. | |
| 906 |
_a7 _bcbc _corignew _d3 _eopcn _f19 _gy-gencatlg |
||
| 942 |
_2ddc _cBK |
||
| 999 |
_c39386 _d39386 |
||